000 00625nam a2200241Ia 4500
003 OSt
005 20220918163525.0
006 a|||||r|||| 00| 0
007 ta
008 220917b |||||||| |||| 00| 0 eng d
020 _a0070409501
024 _a247,059
037 _cTextual
040 _aARTS
_cARTS
_beng
041 _2eng
_aeng
082 _aX:8E, L7
100 _aMatthews Lawrence M.
_913526
245 0 _aPractical operating budgeting
260 _aNew York
_bMcGraw hill USa
_c1977
650 _aECONOMICS
942 _hX:8E, L7
_cTEXL
_2CC
999 _c119918
_d119918